آية الكرسي : (رقم التسجيلة. 17283)
[ عرض عادي ]
| 000 -الفاتح | |
|---|---|
| عناصر البيانات ثابتة الطول | 00759cam a2200193 i 4500 |
| 005 - تاريخ ووقت آخر معاملة | |
| حقل ضبط | 20251127124101.0 |
| 008 - عناصر البيانات ثابتة الطول | |
| عناصر البيانات ثابتة الطول | 250721s9999 ua gr 000 0 ara d |
| 082 14 - رقم تصنيف ديوي العشري | |
| رقم التصنيف | 212 |
| رقم المادة | س ي و |
| 100 1# - مدخل رئيسي – اسم شخصي | |
| الاسم الشخصي | السيوطي، جلال الدين عبد الرحمن |
| علاقة الشخص بالعمل/ دوره | مؤلف. |
| 245 10 - بيان العنوان | |
| العنوان | آية الكرسي : |
| بقية العنوان | معانيها وفضائلها / |
| بيان المسؤولية | للامام الحافظ جلال الدين السيوطي . |
| 264 31 - بيانات النشر، التوزيع…إلخ | |
| مكان النشر، التوزيع...إلخ | القاهره : |
| اسم الناشر، الموزع...إلخ | دار الإعتصام، |
| تاريخ النشر، التوزيع...إلخ | بين [1980 و 1985]. |
| 300 ## - الوصف المادي | |
| عدد الوحدات المكونة للوعاء | 78صفحه. |
| 650 17 - مدخل إضافي بالموضوع - مصطلح موضوعي | |
| مصطلح موضوعي أو اسم جغرافي كعنصر مدخل | القرآن الكريم. |
| 650 17 - مدخل إضافي بالموضوع - مصطلح موضوعي | |
| مصطلح موضوعي أو اسم جغرافي كعنصر مدخل | تفسير القرآن. |
| 700 1# - مدخل إضافي - اسم شخصي | |
| الاسم الشخصي | البدري، يوسف |
| تواريخ خاصة بالشخص | تحقيق. |
| 710 2# - مدخل إضافي - اسم هيئة | |
| اسم الهيئة أو السلطة المختصة كعنصر مدخل | عاشور ,د.محمد احمد |
| الوحدة الفرعية | مراجعه. |
| 942 ## - بيانات إضافية (كوها) | |
| نوع التنصيف | Dewey Decimal Classification |
| نوع المادة (كوها) | كتب |
| حالة السحب | حالة الفقدان | مصدر التصنيف | حالة التلف | غير قابل للإعارة | المكتبة الرئيسية | المكتبة الحالية | موقع الرف | تاريخ التزويد | الرقم المتسلسل | Total Checkouts | رقم الإستدعاء | الباركود | تاريخ آخر ظهور | تاريخ الفاتورة | نوع المادة (كوها) |
|---|---|---|---|---|---|---|---|---|---|---|---|---|---|---|---|
| Dewey Decimal Classification | المكتبة المركزية | المكتبة المركزية | الإعارة | 06/07/2004 | 116803 | 212 / س ي و | 116803 | 28/07/2025 | 06/07/2004 | كتب |